000 00459nam a22001697a 4500
005 20251108172203.0
008 250721s2000 xx 000 0 ara d
082 1 4 _a327.1/حار
100 1 _aحارب، سعيد
245 1 0 _aالثقافة و العولمة /
264 1 _aالعين :
_bدار الكتاب الجامعي،
_c2000.
300 _a176ص
650 1 7 _aالعولمة
650 1 7 _aالثقافة
942 _2ddc
_cBK
999 _c72642
_d72642